Problémy plánování v ČSR čtyři studie
Enregistré dans:
| Format: | Livre |
|---|---|
| Langue: | tchèque |
| Publié: |
Praha
Orbis
1950
|
| Tags: |
Pas de tags, Soyez le premier à ajouter un tag!
|
MARC
| LEADER | 00000nam a2200000 4500 | ||
|---|---|---|---|
| 001 | 0307559 | ||
| 005 | 20250310090729.6 | ||
| 041 | 0 | |a cze | |
| 044 | |a CZ | ||
| 245 | 1 | 0 | |a Problémy plánování v ČSR |b čtyři studie |
| 264 | 1 | |a Praha |b Orbis |c 1950 | |